000 00219nam a2200109Ia 4500
999 _c6291
_d6291
020 _a978-0074714195
100 _aBartol, Tein
245 0 _aManagement
260 _aUSA
_bMcGraw-Hill
_c1994
300 _a734
942 _cBK